| 000 | 01170pam a2200313 a 4500 | ||
|---|---|---|---|
| 001 | 2066985 | ||
| 003 | NUST | ||
| 005 | 20210901141251.0 | ||
| 008 | 940114s1994 enka b 001 0 eng | ||
| 010 | _a 94000869 | ||
| 020 |
_a0077079760 : _c£14.95 |
||
| 038 | _aSNS Library Staff | ||
| 040 |
_aDLC _cDLC _dDLC |
||
| 050 | 0 | 0 |
_aQD96.M65 _bB36 1994 |
| 082 | 0 | 0 |
_a5430.84 BAN 1995 _220 _bBAN |
| 100 | 1 |
_aBanwell, C. N., Elaine M. McCash, Department of Chemistry _981991 |
|
| 245 | 1 | 0 |
_aFundamentals of Molecular Spectroscopy _cColin N. Banwell, Elaine M. McCash. |
| 250 | _a4th ed. | ||
| 260 |
_aLondon ; _aNew York : _bMcGraw-Hill, _cc1994. |
||
| 300 |
_axii, 308 p. : _bill. ; _c25 cm. |
||
| 440 |
_aFundamentals of Molecular Spectroscopy _981992 |
||
| 504 | _aIncludes bibliographical references (p. [292]) and index. | ||
| 563 | _aHB. | ||
| 650 | 0 |
_aMolecular spectroscopy. _981993 |
|
| 700 | 1 |
_aMcCash, Elaine M., _d1961- _981994 |
|
| 906 |
_a7 _bcbc _corignew _d1 _eocip _f19 _gy-gencatlg |
||
| 942 |
_2ddc _cBK _eFourth _k535.84 BAN 1995 |
||
| 999 |
_c586340 _d586340 |
||